UNCITRAL legislative guide on insolvency law. (Registro nro. 172709)

Detalles MARC
000 -LEADER
fixed length control field 01342nam a22003491 4500
001 - CONTROL NUMBER
control field bslw10046547
006 - FIXED-LENGTH DATA ELEMENTS--ADDITIONAL MATERIAL CHARACTERISTICS--GENERAL INFORMATION
fixed length control field m o d
007 - PHYSICAL DESCRIPTION FIXED FIELD--GENERAL INFORMATION
fixed length control field cr un ---uuuua
008 - FIXED-LENGTH DATA ELEMENTS--GENERAL INFORMATION
fixed length control field 230421s2022 au o 000 0 eng d
020 ## - INTERNATIONAL STANDARD BOOK NUMBER
International Standard Book Number 9789210015448
Qualifying information (e-ISBN)
020 ## - INTERNATIONAL STANDARD BOOK NUMBER
International Standard Book Number 9789211304497
035 ## -
-- 38272
040 ## - CATALOGING SOURCE
Original cataloging agency UtOrBLW
Language of cataloging eng
Description conventions rda
Transcribing agency UtOrBLW
050 #4 -
-- K1370
-- .U55 2022
082 04 -
-- 346.078
-- 23
110 2# - MAIN ENTRY--CORPORATE NAME
Corporate name or jurisdiction name as entry element United Nations Commission on International Trade Law,
Relator term author.
245 10 - TITLE STATEMENT
Title UNCITRAL legislative guide on insolvency law.
Number of part/section of a work Part five,
Name of part/section of a work Insolvency law for micro and small enterprises /
Statement of responsibility, etc United Nations Commission on International Trade Law.
246 30 -
-- Insolvency law for micro and small enterprises
246 3# -
-- United Nations Commission on International Trade Law legislative guide on insolvency law
264 #1 -
-- Vienna :
-- United Nations,
-- 2022.
300 ## - PHYSICAL DESCRIPTION
Extent 1 online resource (xii, 209 pages)
336 ## -
-- text
-- txt
-- rdacontent
337 ## -
-- computer
-- c
-- rdamedia
338 ## -
-- online resource
-- cr
-- rdacarrier
500 ## - GENERAL NOTE
General note "Sales No.: E.22.V.19"--Title page verso.
650 #0 - SUBJECT ADDED ENTRY--TOPICAL TERM
Topical term or geographic name as entry element Business failures
General subdivision Law and legislation.
650 #0 - SUBJECT ADDED ENTRY--TOPICAL TERM
Topical term or geographic name as entry element Bankruptcy.
650 #0 - SUBJECT ADDED ENTRY--TOPICAL TERM
Topical term or geographic name as entry element Small business
General subdivision Legal status, laws, etc.
856 40 - LOCALIZACIÓN Y ACCESO ELECTRÓNICO
Identificador Uniforme del Recurso (URI/URL) https://app.vlex.com/#/sources/38272
942 ## -
-- RAA
999 ## -
-- 172709
-- 172709

No hay ítems disponibles.


CONTACTO


NOSOTROS


SITIOS DE INTERES

coordinacion.biblioteca.biblioteca@unienlinea.mx Misión, Visión y Objetivos Bases de datos
Directorio Bibliotecas Digitales y Repositorios
Normatividad Revistas y artículos
Convenios interbibliotecarios
Boletines



Hecho en México. Universidad Insurgentes (UIN). Todos los derechos reservados 2024. Esta página y sus contenidos pueden ser reproducidos con fines no lucrativos, siempre y cuando no se mutile, se cite la fuente completa y su dirección electrónicas. De otra forma requiere permiso previo por escrito de la institución




2024 Copyright Universidad Insurgentes | www.bibliouin.com.mx